000 00338nam a22001337a 4500
005 20230721150133.0
008 230721b ||||| |||| 00| 0 eng d
040 _cAL
041 _aeng
100 _aFeldman Robert S
_9128070
245 _aUnderstanding Psychology
260 _aNew Delhi
_bTata McGraw Hill Pub
_c2002
942 _2ddc
_cBK
999 _c228048
_d228048